Szachinszach / (Rekord nr 54903)
| 000 -ETYKIETA REKORDU | |
|---|---|
| podpole kontrolne o stałej długości | 01589cam a2200421 i 4500 |
| 001 - NUMER KONTROLNY REKORDU | |
| pole kontrolne | bg |
| 003 - IDENTYFIKATOR NUMERU KONTROLNEGO REKORDU | |
| podpole kontrolne | KOSZ 005 |
| 005 - DATA OSTATNIEJ MODYFIKACJI REKORDU | |
| podpole kontrolne | 20240405063205.0 |
| 008 - POLE O STAŁEJ DŁUGOŚCI - DANE KONTROLNE | |
| podpole kontrolne o stałej długości | 080527s2008 pl |000 0 pol |
| 015 ## - NUMER BIBLIOGRAFII NARODOWEJ | |
| Numer bibliografii narodowej | PB 2008/14424 |
| 020 ## - MIĘDZYNARODOWY ZNORMALIZOWANY NUMER KSIĄŻKI - ISBN | |
| ISBN | 9788375521153 |
| 020 ## - MIĘDZYNARODOWY ZNORMALIZOWANY NUMER KSIĄŻKI - ISBN | |
| ISBN | 9788375521276 |
| 040 ## - ŹRÓDŁO KATALOGOWANIA | |
| Instytucja, która sporządziła opis | WA N |
| Instytucja, która utworzyła rekord | KOSZ 005/HR |
| Instytucja, która dokonała modyfikacji | KOSZ 005/HR |
| 041 1# - KOD JĘZYKA | |
| Kod języka tekstu | pol |
| Kod języka oryginału | ger |
| 080 ## - UNIWERSALNA KLASYFIKACJA DZIESIĘTNA - UKD | |
| UKD | 94(55)"19" |
| 080 ## - UNIWERSALNA KLASYFIKACJA DZIESIĘTNA - UKD | |
| UKD | 929-052(55)"19" |
| 080 ## - UNIWERSALNA KLASYFIKACJA DZIESIĘTNA - UKD | |
| UKD | (047) |
| 100 1# - NAZWA OSOBOWA | |
| Nazwa osobowa | Kapuściński, Ryszard |
| Daty związane z nazwą | (1932-2007) |
| Określenie rodzaju współpracy | Autor |
| 245 10 - TYTUŁ/ODPOWIEDZIALNOŚĆ | |
| Tytuł | Szachinszach / |
| Pozostałe elementy strefy tytułu i oznaczenia odpowiedzialności | Ryszard Kapuściński. |
| 250 ## - STREFA WYDANIA | |
| Oznaczenie wydania | Wyd. 18. |
| 260 ## - STREFA ADRESU WYDAWNICZEGO | |
| Miejsce wydania | Warszawa : |
| Nazwa wydawcy/dystrybutora | Agora, |
| Data publikacji, dystrybucji/powstania dokumentu | 2008. |
| 300 ## - STREFA OPISU FIZYCZNEGO | |
| Objętość | 142, [2] s. ; |
| Rozmiary | 22 cm. |
| 490 1# - STREFA SERII I DOKUMENTU WIELOCZĘŚCIOWEGO - FORMA NIE DO WYSZUKIWANIA | |
| Tytuł i oznaczenie odpowiedzialności serii | Biblioteka Gazety Wyborczej. |
| 500 ## - UWAGI OGÓLNE | |
| Tekst uwagi | Książka w cyklu: Kolekcja wybranych dzieł Ryszarda Kapuścińskiego / pod red. Bożeny Dudko i Mariusza Szczygła ; t. 5. |
| 546 ## - UWAGA O JĘZYKU | |
| Uwaga o języku | Tekst częśc. tł. z niem. |
| 600 04 - HASŁO PRZEDMIOTOWE W FORMIE NAZWY OSOBOWEJ | |
| Nazwa osobowa | Mohammad Reza Pahlawi |
| Dopowiedzenie | (szach Iranu ; |
| Daty związane z nazwą | 1919-1980) |
| 651 #4 - HASŁO PRZEDMIOTOWE W FORMIE NAZWY GEOGRAFICZNEJ | |
| Nazwa geograficzna | Iran |
| Określnik ogólny | polityka |
| Określnik chronologiczny | 1945-1989 r. |
| 655 #4 - TERMIN INDEKSOWY - OKREŚLENIE RODZAJU/FORMY DOKUMENTU | |
| Określenie rodzaju/formy dokumentu | Reportaż polski |
| Określnik chronologiczny | 1980-1989 r. |
| 648 #4 - HASŁO PRZEDMIOTOWE - TERMIN CHRONOLOGICZNY | |
| Termin chronologiczny | 1901-2000 |
| 648 #4 - HASŁO PRZEDMIOTOWE - TERMIN CHRONOLOGICZNY | |
| Termin chronologiczny | 1945-1989 |
| 710 2# - HASŁO DODATKOWE - NAZWA CIAŁA ZBIOROWEGO | |
| Nazwa ciała zbiorowego lub jednostki geograficznej | Agora |
| Kod określenia powiązania | pbl. |
| 700 1# - HASŁO DODATKOWE - NAZWA OSOBOWA | |
| Nazwa osobowa | Dudko, Bożena |
| Daty związane z nazwą | (1963- ) |
| Określenie związku między hasłem a opisywanym materiałem | Redakcja |
| 700 1# - HASŁO DODATKOWE - NAZWA OSOBOWA | |
| Nazwa osobowa | Szczygieł, Mariusz |
| Daty związane z nazwą | (1966- ) |
| Określenie związku między hasłem a opisywanym materiałem | Redakcja |
| 800 1# - HASŁO DODATKOWE OPISU DOKUMENTU WIELOCZĘŚCIOWEGO - NAZWA OSOBOWA | |
| Nazwa osobowa | Kapuściński, Ryszard |
| Daty związane z nazwą | (1932-2007). |
| Tytuł dzieła | Kolekcja wybranych dzieł Ryszarda Kapuścińskiego |
| Oznaczenie tomu | t. 5. |
| 856 ## - LOKALIZACJA I DOSTĘP DO ELEKTRONICZNYCH DOKUMENTÓW ZDALNYCH | |
| Link (URL) | http://koha.tu.koszalin.pl/cgi-bin/koha/opac-detail.pl?biblionumber=54903 |
| Tekst linku | Katalog online BPK |
| 830 #0 - HASŁO DODATKOWE SERII LUB DOKUMENTU WIELOCZĘŚCIOWEGO - TYTUŁ UJEDNOLICONY | |
| Tytuł ujednolicony | Biblioteka Gazety Wyborczej |
| 942 ## - DODATKOWE ELEMENTY (KOHA) | |
| Schemat klasyfikacji | Uniwersalna Klasyfikacja Dziesiętna |
| Typ dokumentu | Książka |
| Wycofany | Status egzemplarza | Uszkodzony | Dostępność | Lokalizacja stała | Lokalizacja bieżąca | Miejsce przechowywania | Sygnatura | Kod kreskowy | Ostatnio wypożyczono | Typ dokumentu |
|---|---|---|---|---|---|---|---|---|---|---|
| Dostępny | Biblioteka Politechniki Koszalińskiej | Biblioteka Politechniki Koszalińskiej | Wypożyczalnia BG | 87291 | 02410906 | 03.10.2017 | Książka |
